header

Medical biochemistry (Record no. 224995)

MARC details
000 -LEADER
fixed length control field 01134nam a22003014a 4500
082 04 - DEWEY DECIMAL CLASSIFICATION NUMBER
Classification number 612/.015
100 1# - MAIN ENTRY--AUTHOR NAME
Personal name Bhagavan, N. V.
245 10 - TITLE STATEMENT
Title Medical biochemistry
250 ## - EDITION STATEMENT
Edition statement 4th ed.
260 ## - PUBLICATION, DISTRIBUTION, ETC. (IMPRINT)
Place of publication San Diego :
Name of publisher Harcourt/Academic Press,
Year of publication c2002.
300 ## - PHYSICAL DESCRIPTION
Number of Pages xxx, 1016 p. :
Other physical details ill. (some col.).
650 #0 - SUBJECT ADDED ENTRY--TOPICAL TERM
Topical Term Biochemistry.
Topical Term Clinical biochemistry.
856 40 - ELECTRONIC LOCATION AND ACCESS
Uniform Resource Identifier http://site.ebrary.com/lib/rucke/Doc?id=10206450

No items available.

© 2026 Rongo University
Contact us: librarian | system librarian | Rongo university